Повышение энергоэффективности на предприятиях бюджетной сферы; Современные техника и технологии; Т. 3

Bibliografiske detaljer
Parent link:Современные техника и технологии: сборник трудов XVI Международной научно-практической конференции студентов, аспирантов и молодых ученых, Томск, 12-16 апреля 2010 г/ Национальный исследовательский Томский политехнический университет (ТПУ).— , 2010
Т. 3.— 2010.— [С. 164-165]
Hovedforfatter: Бокоев А. К.
Andre forfattere: Краснятов Ю. А. (научный руководитель)
Summary:Заглавие с титульного листа
Электронная версия печатной публикации
Sprog:russisk
Udgivet: 2010
Fag:
Online adgang:http://www.lib.tpu.ru/fulltext/c/2010/C01/V1/076.pdf
Format: Electronisk Book Chapter
KOHA link:https://koha.lib.tpu.ru/cgi-bin/koha/opac-detail.pl?biblionumber=235505

MARC

LEADER 00000naa2a2200000 4500
001 235505
005 20260317090346.0
035 |a (RuTPU)RU\TPU\book\256642 
035 |a RU\TPU\book\256637 
090 |a 235505 
100 |a 20130411d2010 k y0rusy50 ca 
101 0 |a rus 
102 |a RU 
135 |a drnn ---uucaa 
181 0 |a i  
182 0 |a b 
200 1 |a Повышение энергоэффективности на предприятиях бюджетной сферы  |f А. К. Бокоев  |g науч. рук. Ю. А. Краснятов 
203 |a Текст  |c электронный 
215 |a 1 файл (107 Кб) 
300 |a Заглавие с титульного листа 
300 |a Электронная версия печатной публикации 
337 |a Adobe Reader 
461 0 |0 (RuTPU)RU\TPU\book\245271  |t Современные техника и технологии  |o сборник трудов XVI Международной научно-практической конференции студентов, аспирантов и молодых ученых, Томск, 12-16 апреля 2010 г  |o в 3 т.  |f Национальный исследовательский Томский политехнический университет (ТПУ)  |d 2010 
463 0 |0 (RuTPU)RU\TPU\book\255783  |t Т. 3  |v [С. 164-165]  |d 2010 
610 1 |a электронный ресурс 
610 1 |a труды учёных ТПУ 
610 1 |a энергоэффективность 
610 1 |a бюджетные учреждения 
610 1 |a жилищно-коммунальное хозяйство 
610 1 |a энергосбережение 
610 1 |a суммарные показатели 
610 1 |a энергоаудит 
610 1 |a энергоресурсы 
610 1 |a потери 
700 1 |a Бокоев  |b А. К. 
702 1 |a Краснятов  |b Ю. А.  |4 727 
801 1 |a RU  |b 63413507  |c 20130213 
801 2 |a RU  |b 63413507  |c 20130522  |g RCR 
856 4 |u http://www.lib.tpu.ru/fulltext/c/2010/C01/V1/076.pdf 
942 |c CF